000 00700nam a22002297a 4500
005 20170124110206.0
010 _aB-131401
020 _c140.00
035 _aB-131401
037 _bCen Lib/Ret
040 _aDPL
_bEN
082 _a000
_bLAL
100 _aLal
_972757
245 _aUpkar's jawahar navodya vidayalay entrance test for Class IX /
_cby Lal [and] Jain
260 _aAgra
_bUpkar Prakashan
_c2006
270 _a2/11A, sadeshi bima nagar
_bAgra
_e282002
300 _avarious pagings
_c21cm(Hb)
650 _aGeneralia
_93517
650 _aExercises, qestion papers etc (school entrance exam)
_937395
700 _aJain
_9474
942 _2ddc
_cEN
_h000
_mLAL
999 _c133263
_d133263